Langman's Medical Embrology (Record no. 176)
[ view plain ]
| 000 -LEADER | |
|---|---|
| fixed length control field | 00551nam a22002057a 4500 |
| 003 - CONTROL NUMBER IDENTIFIER | |
| control field | OSt |
| 005 - DATE AND TIME OF LATEST TRANSACTION | |
| control field | 20251009020002.0 |
| 008 - FIXED-LENGTH DATA ELEMENTS--GENERAL INFORMATION | |
| fixed length control field | 140710b xxu||||| |||| 00| 0 eng d |
| 020 ## - INTERNATIONAL STANDARD BOOK NUMBER | |
| International Standard Book Number | 9781451144611 |
| 040 ## - CATALOGING SOURCE | |
| Transcribing agency | LCD |
| 082 ## - DEWEY DECIMAL CLASSIFICATION NUMBER | |
| Classification number | QS604 2006 |
| 100 ## - MAIN ENTRY--PERSONAL NAME | |
| Personal name | Sadler T.W. |
| 9 (RLIN) | 459 |
| 245 ## - TITLE STATEMENT | |
| Title | Langman's Medical Embrology |
| 250 ## - EDITION STATEMENT | |
| Edition statement | 10th ed. |
| 260 ## - PUBLICATION, DISTRIBUTION, ETC. (IMPRINT) | |
| Place of publication, distribution, etc. | London: |
| Name of publisher, distributor, etc. | Lippincot Williams & Wilkins; |
| Date of publication, distribution, etc. | 2006. |
| 300 ## - PHYSICAL DESCRIPTION | |
| Extent | xii : 371 p. ; |
| Other physical details | col.ill , |
| Dimensions | 26 cm. |
| 504 ## - BIBLIOGRAPHY, ETC. NOTE | |
| Bibliography, etc | Includes answers and Index |
| 650 ## - SUBJECT ADDED ENTRY--TOPICAL TERM | |
| Topical term or geographic name as entry element | Human embryology |
| 9 (RLIN) | 460 |
| 942 ## - ADDED ENTRY ELEMENTS (KOHA) | |
| Source of classification or shelving scheme | Other/Generic Classification Scheme |
| Koha item type | Book Bank |
| Koha issues (borrowed), all copies | 1 |
| Withdrawn status | Lost status | Source of classification or shelving scheme | Damaged status | Not for loan | Home library | Current library | Date acquired | Source of acquisition | Inventory number | Total Checkouts | Full call number | Barcode | Date last seen | Koha item type | Date last checked out |
|---|---|---|---|---|---|---|---|---|---|---|---|---|---|---|---|
| Other/Generic Classification Scheme | MUST Main Library | MUST Main Library | 10/07/2014 | 08/30048 | QS604 2006 | 2014-0568 | 10/07/2014 | Book Bank | |||||||
| Other/Generic Classification Scheme | MUST Main Library | MUST Main Library | 10/07/2014 | 08/30028 | QS604 2006 | 2014-0569 | 10/07/2014 | Book Bank | |||||||
| Other/Generic Classification Scheme | MUST Main Library | MUST Main Library | 10/07/2014 | 08/30034 | 1 | QS604 2006 | 2014-0570 | 11/04/2023 | Book Bank | 14/03/2023 | |||||
| Other/Generic Classification Scheme | MUST Main Library | MUST Main Library | 10/07/2014 | 08/30039 | QS604 2006 | 2014-0571 | 10/07/2014 | Book Bank | |||||||
| Other/Generic Classification Scheme | MUST Main Library | MUST Main Library | 10/07/2014 | 08/30032 | 3 | QS604 2006 | 2014-0572 | 20/05/2024 | Book Bank | 05/04/2024 | |||||
| Other/Generic Classification Scheme | MUST Main Library | MUST Main Library | 10/07/2014 | 08/30046 | 1 | QS604 2006 | 2014-0573 | 29/11/2019 | Book Bank | 27/08/2019 | |||||
| Other/Generic Classification Scheme | MUST Main Library | MUST Main Library | 10/07/2014 | 08/30049 | QS604 2006 | 2014-0574 | 10/07/2014 | Book Bank | |||||||
| Other/Generic Classification Scheme | MUST Main Library | MUST Main Library | 10/07/2014 | 08/30052 | QS604 2006 | 2014-0575 | 10/07/2014 | Book Bank | |||||||
| Other/Generic Classification Scheme | MUST Main Library | MUST Main Library | 10/07/2014 | 08/30050 | 3 | QS604 2006 | 2014-0576 | 21/05/2024 | Book Bank | 22/02/2024 | |||||
| Other/Generic Classification Scheme | MUST Main Library | MUST Main Library | 10/07/2014 | 08/30029 | 2 | QS604 2006 | 2014-0577 | 25/11/2025 | Book Bank | 08/10/2025 | |||||
| Other/Generic Classification Scheme | MUST Main Library | MUST Main Library | 10/07/2014 | 08/30037 | 2 | QS604 2006 | 2014-0578 | 06/04/2023 | Book Bank | 17/03/2023 | |||||
| Other/Generic Classification Scheme | MUST Main Library | MUST Main Library | 10/07/2014 | 08/30042 | 1 | QS604 2006 | 2014-0579 | 12/04/2023 | Book Bank | 23/02/2023 | |||||
| Other/Generic Classification Scheme | MUST Main Library | MUST Main Library | 10/07/2014 | 08/30036 | 3 | QS604 2006 | 2014-0580 | 04/04/2023 | Book Bank | 20/02/2023 | |||||
| Other/Generic Classification Scheme | MUST Main Library | MUST Main Library | 10/07/2014 | 08/30047 | 1 | QS604 2006 | 2014-0581 | 12/04/2023 | Book Bank | 03/02/2023 | |||||
| Other/Generic Classification Scheme | MUST Main Library | MUST Main Library | 10/07/2014 | 08/30043 | QS604 2006 | 2014-0582 | 10/07/2014 | Book Bank | |||||||
| Other/Generic Classification Scheme | MUST Main Library | MUST Main Library | 10/07/2014 | 08/29307 | QS604 2006 | 2014-0583 | 10/07/2014 | Book Bank | |||||||
| Other/Generic Classification Scheme | MUST Main Library | MUST Main Library | 10/07/2014 | 08/30044 | QS604 2006 | 2014-0584 | 10/07/2014 | Book Bank | |||||||
| Other/Generic Classification Scheme | MUST Main Library | MUST Main Library | 10/07/2014 | 08/30041 | QS604 2006 | 2014-0585 | 10/07/2014 | Book Bank | |||||||
| Other/Generic Classification Scheme | MUST Main Library | MUST Main Library | 10/07/2014 | 08/30031 | 1 | QS604 2006 | 2014-0586 | 03/06/2021 | Book Bank | 13/05/2021 | |||||
| Other/Generic Classification Scheme | MUST Main Library | MUST Main Library | 10/07/2014 | Purchase | 08/30045 | 2 | QS604 2006 | 2014-0587 | 17/05/2024 | Book Bank | 03/04/2024 | ||||
| Other/Generic Classification Scheme | MUST Main Library | MUST Main Library | 10/07/2014 | 08/30033 | 2 | QS604 2006 | 2014-0588 | 29/03/2023 | Book Bank | 03/02/2023 | |||||
| Other/Generic Classification Scheme | MUST Main Library | MUST Main Library | 21/07/2014 | 08/30027 | 5 | QS604 2006 | 2014-1289 | 14/05/2024 | Book Bank | 21/03/2024 | |||||
| Other/Generic Classification Scheme | MUST Main Library | MUST Main Library | 19/09/2014 | 08/30026 | QS604 2006 | 2014-2872 | 19/09/2014 | Short Loan | |||||||
| Other/Generic Classification Scheme | MUST Main Library | MUST Main Library | 19/09/2014 | 08/30025 | QS604 2006 | 2014-2873 | 19/09/2014 | Short Loan | |||||||
| Other/Generic Classification Scheme | MUST Main Library | MUST Main Library | 19/09/2014 | 08/30024 | QS604 2006 | 2014-2878 | 19/09/2014 | Short Loan | |||||||
| Other/Generic Classification Scheme | MUST Main Library | MUST Main Library | 19/09/2014 | 08/30023 | QS604 2006 | 14-2882 | 19/09/2014 | Short Loan | |||||||
| Other/Generic Classification Scheme | MUST Main Library | MUST Main Library | 12/02/2015 | 14/38012 | QS604 2012 | 2015-0299 | 12/02/2015 | Short Loan | |||||||
| Other/Generic Classification Scheme | MUST Main Library | MUST Main Library | 01/08/2022 | Purchase | 08/29306 | 5 | QS604 2006 | 2022-0716 | 17/11/2025 | Book Bank | 04/09/2025 |
